[Event "GER-chT North U16"]
[Site "Greifswald"]
[Date "2013.09.15"]
[Round "7.3"]
[White "Geyer, Hannes"]
[Black "Sass, Patrick"]
[Result "0-1"]
[WhiteElo "1313"]
[BlackElo "1598"]
[PlyCount "100"]
[EventDate "2013.09.12"]
[EventType "team-swiss"]
[EventRounds "7"]
[EventCountry "GER"]
[SourceTitle "EXT 2014"]
[Source "ChessBase"]
[SourceDate "2013.11.20"]
[SourceVersion "1"]
[SourceVersionDate "2013.11.20"]
[SourceQuality "1"]
[WhiteTeam "Halle"]
[BlackTeam "Bad Schwartau"]
[WhiteTeamCountry "GER"]
[BlackTeamCountry "GER"]

1. e4 d5 2. exd5 Qxd5 3. Nc3 Qd6 4. d4 Nf6 5. Nf3 c6 6. Bc4 Bg4 7. d5 cxd5 8. Nxd5 Nxd5 9. Qxd5 Qxd5 10. Bxd5 Bxf3 11. Bxf3 Nc6 12. 0-0 e6 13. Be3 Bd6 14. Rfd1 Ke7 15. Rd2 Rhd8 16. Rad1 a6 17. Bb6 Rd7 18. Bxc6 bxc6 19. c4 Rb7 20. c5 Bf4 21. Rd3 Be5 22. b4 h6 23. g3 g5 24. Rd8 Rxd8 25. Rxd8 Rb8 26. Rd3 Ke8 27. Re3 Bf6 28. Re4 Rb7 29. f4 Rd7 30. a4 Rd4 31. Rxd4 Bxd4+ 32. Kf1 gxf4 33. gxf4 Be3 34. f5 exf5 35. Ke2 Bf4 36. h3 Kd7 37. Kd3 Be5 38. Kc4 f4 39. b5 axb5+ 40. axb5 f3 41. bxc6+ Kxc6 42. Kd3 Bd4 43. Kd2 Kd5 44. Kd3 f5 45. Kd2 Bxc5 46. Bxc5 Kxc5 47. Ke3 f2 48. Kxf2 Kd4 49. Kf3 Ke5 50. Ke3 f4+ 0-1

[Event "GER-chT North U16"]
[Site "Greifswald"]
[Date "2013.09.14"]
[Round "5.3"]
[White "Le Hong, Quang Anh"]
[Black "Geyer, Hannes"]
[Result "1/2-1/2"]
[WhiteElo "1538"]
[BlackElo "1313"]
[PlyCount "64"]
[EventDate "2013.09.12"]
[EventType "team-swiss"]
[EventRounds "7"]
[EventCountry "GER"]
[SourceTitle "EXT 2014"]
[Source "ChessBase"]
[SourceDate "2013.11.20"]
[SourceVersion "1"]
[SourceVersionDate "2013.11.20"]
[SourceQuality "1"]
[WhiteTeam "Merseburg"]
[BlackTeam "Halle"]
[WhiteTeamCountry "GER"]
[BlackTeamCountry "GER"]

1. d4 d5 2. c4 e6 3. Nc3 Nf6 4. Bg5 Nbd7 5. cxd5 exd5 6. e3 Bb4 7. Nf3 c5 8. Bxf6 Nxf6 9. dxc5 Bxc3+ 10. bxc3 Qa5 11. Qd4 0-0 12. Bd3 Bg4 13. Ne5 Bh5 14. 0-0 Rac8 15. Rab1 Qxc5 16. Rxb7 Qxc3 17. Rxa7 Ne4 18. Bxe4 dxe4 19. Qxc3 Rxc3 20. h3 f6 21. Nd7 Rd8 22. Rb1 Be8 23. Rb8 Rxb8 24. Nxb8 Kf8 25. Nd7+ Bxd7 26. Rxd7 Ra3 27. Rd2 Ke7 28. Kh2 Ke6 29. g4 f5 30. Kg3 g5 31. gxf5+ Kxf5 32. Rd5+ Kf6 1/2-1/2

[Event "GER-chT North U16"]
[Site "Greifswald"]
[Date "2013.09.14"]
[Round "6.3"]
[White "Lemke, Berfin"]
[Black "Geyer, Hannes"]
[Result "1-0"]
[WhiteElo "1695"]
[BlackElo "1313"]
[PlyCount "65"]
[EventDate "2013.09.12"]
[EventType "team-swiss"]
[EventRounds "7"]
[EventCountry "GER"]
[SourceTitle "EXT 2014"]
[Source "ChessBase"]
[SourceDate "2013.11.20"]
[SourceVersion "1"]
[SourceVersionDate "2013.11.20"]
[SourceQuality "1"]
[WhiteTeam "Hamburg Koenigsspringer"]
[BlackTeam "Halle"]
[WhiteTeamCountry "GER"]
[BlackTeamCountry "GER"]

1. e4 c5 2. Nf3 d6 3. d4 cxd4 4. Nxd4 Nf6 5. Nc3 a6 6. Be2 e6 7. 0-0 Qc7 8. a4 b6 9. f4 Nbd7 10. Bf3 Bb7 11. Qe1 Qc4 12. Nf5 Nc5 13. b3 Nxb3 14. cxb3 Qc7 15. Ng3 Be7 16. Ba3 0-0 17. Rc1 Qd7 18. Qd1 Rfd8 19. Qe2 b5 20. axb5 axb5 21. Bb4 e5 22. Rfd1 exf4 23. Nf5 Qe6 24. Bg4 Nxg4 25. Qxg4 Bf6 26. Rxd6 Rxd6 27. Bxd6 Bxc3 28. Qxf4 g6 29. Ne7+ Kh8 30. Rxc3 Ra1+ 31. Kf2 Ra2+ 32. Kg3 f6 33. Bc5 1-0

[Event "GER-chT North U16"]
[Site "Berlin"]
[Date "2012.09.06"]
[Round "2.2"]
[White "Geyer, Hannes"]
[Black "Spaet, Alexander"]
[Result "0-1"]
[WhiteElo "1423"]
[BlackElo "1839"]
[PlyCount "36"]
[EventDate "2012.09.06"]
[EventType "team-swiss"]
[EventRounds "7"]
[EventCountry "GER"]
[SourceTitle "EXT 2015"]
[Source "ChessBase"]
[SourceDate "2014.11.20"]
[SourceVersion "1"]
[SourceVersionDate "2014.11.20"]
[SourceQuality "1"]
[WhiteTeam "Halle USV"]
[BlackTeam "Hamburg Koenigsspringer"]
[WhiteTeamCountry "GER"]
[BlackTeamCountry "GER"]

1. e4 e6 2. d4 d5 3. Nd2 Nc6 4. Ngf3 Nf6 5. e5 Nd7 6. c3 f6 7. exf6 Qxf6 8. Be2 Bd6 9. Nf1 0-0 10. Ng3 Kh8 11. 0-0 Nb6 12. b3 e5 13. dxe5 Nxe5 14. Bb2 Bf5 15. Rc1 Be4 16. Nxe5 Bxe5 17. Qd2 Bf4 18. Nxe4 Qh6 0-1

[Event "GER-chT U12"]
[Site "Arendsee"]
[Date "2009.12.29"]
[Round "6.3"]
[White "Greif, Gavin"]
[Black "Geyer, Hannes"]
[Result "1-0"]
[WhiteElo "1346"]
[BlackElo "1209"]
[PlyCount "47"]
[EventDate "2009.12.27"]
[EventType "team-swiss"]
[EventRounds "7"]
[EventCountry "GER"]
[SourceTitle "EXT 2022"]
[Source "ChessBase"]
[SourceDate "2021.10.06"]
[SourceVersion "1"]
[SourceVersionDate "2021.10.06"]
[SourceQuality "1"]
[WhiteTeam "Frankfurt Makkabi U12"]
[BlackTeam "Halle USV U12"]
[WhiteTeamCountry "GER"]
[BlackTeamCountry "GER"]

1. e4 c5 2. c3 d5 3. exd5 Qxd5 4. Nf3 e6 5. Na3 Qd6 6. d4 Nc6 7. Nb5 Qd8 8. Bf4 Be7 9. Nc7+ Kf8 10. Nxa8 cxd4 11. Nxd4 e5 12. Nxc6 Qxd1+ 13. Rxd1 exf4 14. Nxe7 Kxe7 15. Nc7 Nf6 16. Bc4 Ng4 17. 0-0 Bf5 18. Nd5+ Kf8 19. Nxf4 g6 20. h3 Ne5 21. Bd5 Kg7 22. Rfe1 Nc6 23. g4 Bc2 24. Rd2 1-0

[Event "GER-chT U12"]
[Site "Arendsee"]
[Date "2009.12.27"]
[Round "2.3"]
[White "Jankir, Hevidar"]
[Black "Geyer, Hannes"]
[Result "1-0"]
[WhiteElo "926"]
[BlackElo "1209"]
[PlyCount "127"]
[EventDate "2009.12.27"]
[EventType "team-swiss"]
[EventRounds "7"]
[EventCountry "GER"]
[SourceTitle "EXT 2022"]
[Source "ChessBase"]
[SourceDate "2021.10.06"]
[SourceVersion "1"]
[SourceVersionDate "2021.10.06"]
[SourceQuality "1"]
[WhiteTeam "Eppelborn U12"]
[BlackTeam "Halle USV U12"]
[WhiteTeamCountry "GER"]
[BlackTeamCountry "GER"]

1. e4 e5 2. Nf3 Nc6 3. Bc4 Be7 4. Nc3 Nf6 5. d3 d6 6. 0-0 Bg4 7. h3 Bh5 8. Be3 0-0 9. Qe2 Nd7 10. Rad1 Bg5 11. Bxg5 Qxg5 12. Nxg5 Bxe2 13. Nxe2 Nb4 14. Rc1 Nb6 15. Bb3 Nc6 16. c3 Rad8 17. Rfd1 Na5 18. Nxf7 Nxb3 19. Nxd8 Nxc1 20. Rxc1 Rxd8 21. Ng3 d5 22. Rd1 Na4 23. b3 Nxc3 24. Rc1 d4 25. Rc2 b5 26. Nf5 a5 27. Ne7+ Kf8 28. Nc6 Ra8 29. Nxe5 a4 30. Nc6 axb3 31. axb3 Ra3 32. Nxd4 b4 33. f4 Kf7 34. g4 c5 35. Nf5 Rxb3 36. Nd6+ Ke7 37. e5 Rb1+ 38. Kf2 Nd1+ 39. Ke2 Nc3+ 40. Kd2 Rd1+ 41. Ke3 Nd5+ 42. Ke4 Nc3+ 43. Ke3 Nd5+ 44. Ke2 Nc3+ 45. Rxc3 Rh1 46. Rxc5 b3 47. Rb5 Rh2+ 48. Kd1 b2 49. Nc4 Rh1+ 50. Kc2 Rh2+ 51. Kb1 Rxh3 52. Nxb2 Rh4 53. Rb7+ Kf8 54. e6 Rxg4 55. Rf7+ Ke8 56. Nc4 Rg1+ 57. Kc2 Rg2+ 58. Kc3 Re2 59. Nd6+ Kd8 60. Ne4 Ke8 61. Rxg7 h6 62. e7 Rxe4 63. dxe4 h5 64. Rh7 1-0